Taxation and the Financial Crisis (Record no. 96934)

MARC details
000 -LEADER
fixed length control field 01503nam a2200241Ii 4500
008 - FIXED-LENGTH DATA ELEMENTS--GENERAL INFORMATION
fixed length control field 221202s xx 000 0 und d
245 #0 - TITLE STATEMENT
Title Taxation and the Financial Crisis
264 ## - PRODUCTION, PUBLICATION, DISTRIBUTION, MANUFACTURE, AND COPYRIGHT NOTICE
Name of producer, publisher, distributor, manufacturer Oxford University Press
Date of production, publication, distribution, manufacture, or copyright notice 2012
300 ## - PHYSICAL DESCRIPTION
Extent 1 online resource (321 pages)
336 ## - CONTENT TYPE
Content type term text
Content type code txt
Source rdacontent
337 ## - MEDIA TYPE
Media type term computer
Media type code c
Source rdamedia
338 ## - CARRIER TYPE
Carrier type term online resource
Carrier type code cr
Source rdacarrier
520 ## - SUMMARY, ETC.
Summary, etc. The financial crisis has opened up a global debate on the taxation of the financial sector. A number of international policy initiatives, most notably by the G20, have called for major changes in the tax treatment of financial institutions and transactions as well as individuals working in the financial sector. This book examines how tax policies contributed to the financial crisis and whether taxation can play a role in the reform efforts under way to establish a sounder and safer financial system. The book looks at the pros and cons of various tax initiatives, including limiting the tax advantages to debt financing, special taxes on the financial sector and financial transactions taxes.
653 ## - INDEX TERM--UNCONTROLLED
Uncontrolled term Debt Financing
653 ## - INDEX TERM--UNCONTROLLED
Uncontrolled term Financial Crisis
653 ## - INDEX TERM--UNCONTROLLED
Uncontrolled term Financial Sector
653 ## - INDEX TERM--UNCONTROLLED
Uncontrolled term Tax Policy
653 ## - INDEX TERM--UNCONTROLLED
Uncontrolled term Taxation
700 1# - ADDED ENTRY--PERSONAL NAME
Personal name Alworth, Julian S.
700 1# - ADDED ENTRY--PERSONAL NAME
Personal name Arachi, Giampaolo
856 ## - ELECTRONIC LOCATION AND ACCESS
Uniform Resource Identifier <a href="https://docs.google.com/spreadsheets/d/1yKIrdCPDAG_9c22mwoOIO2DOhtj65Wqa/edit?usp=sharing&ouid=106555315294820607512&rtpof=true&sd=true ">https://docs.google.com/spreadsheets/d/1yKIrdCPDAG_9c22mwoOIO2DOhtj65Wqa/edit?usp=sharing&ouid=106555315294820607512&rtpof=true&sd=true </a>
Link text List of Curated E-Books
942 ## - ADDED ENTRY ELEMENTS (KOHA)
Koha item type E-Book

No items available.

University of Rizal System
Email us at univlibservices@urs.edu.ph

Visit our Website www.urs.edu.ph/library